00665nam a22002297a 450000500170000001000110001702000070002803500110003503700160004604000120006208200190007410000230009324500950011624600060021126000440021727000490026130000280031050000190033865000240035765000340038170000200041520170124105921.0 a851949 c00 a851949 bCen Lib/Ret aDPLbEN a320.10954bMUK aMukherjee, Haridas aSri aurobindoand the new thought in indian politics /cby Haridas Mukherjee, Uma Mukherjee b  bFirma K.L. Mukhopadhyayc1964aCalcutta bCalcuttaa6/1-a, Banchcharam Akrur Lane e12 axlviii, 393p.c20cm(Hb) aIncludes index aPolitical Sciences  aPolitical ThoughtsxAurobindo aMukherjee, Uma